000 00963nam a22002297a 4500
999 _c65659
_d65659
005 20240530110836.0
008 191111s2004 ua f 000 0 ara d
017 _a2004/21263
_bمصر. دار الكتب
020 _a9772137089
040 _aEG-CaGPL
_cEG-CaGPL
082 0 4 _221
_a364.164
_bق/هـ ظ
110 _aالهيئة القبطية الانجيلية للخدمات الاجتماعية
_bقسم التنمية البشرية منتدى الحوارات الثقافات
245 1 0 _aظاهرة العنف فى المجتمع المصرى /
_cالهيئة القبطية الانجيلية للخدمات الاجتماعية
260 _aالقاهرة :
_bدار الثقافة العلمية،
_c2004
300 _a201 ص. :
_c24 سم .
650 0 7 _2qrmak
_aالعنف
_zمصر
650 0 7 _aعلم النفس الاجتماعى
651 _2qrmak
653 _aالعنف
942 _2ddc
_cBK